000 00665nam a2200133Ia 4500
008 171212s9999 xx 000 0 und d
020 _a9780833035226
100 _aChalk, Peter
245 _cChalk, Peter
_aHitting America's Soft Underbelly
_bThe Potential Threat of Deliberate Biological Attacks Against the U.S. Agricultural and Food Industry
260 _bRAND Corporation
_c2004
650 _aAgriculture -- Defense measures -- United States; Civil defense -- United States; Food industry and trade -- Defense measures -- United States; Bioterrorism -- United States -- Prevention
650 _aHealth Sciences
856 _uwww.jstor.org/stable/10.7249/mg135osd
999 _c352144
_d352144